{"text_format":"1","workbook":"xlsx","n_sheets":1,"sheets":["Presupuesto"],"not_rendered":{"charts":0,"images":0,"macros":0,"external_links":0,"defined_names":0,"comments":0,"pivot_tables":0},"unopened":[],"bounds":{"document_bytes":16777216,"sheet_cells":100000,"rows_first":2000,"rows_last":500,"rows_between":2000,"halvings":0,"cell_chars":16384,"cell_head_chars":4096},"cells_cut":0,"cells_raw":0,"read":"whole","date_system":"1900"}

{"sheet":"Presupuesto","index":0,"n_rows":579,"n_cols":8,"rows_kept":579,"cut":false,"hidden":false,"merged":[]}
["Proyecto","Reforma piso"]
["Presupuesto","Presupuesto Final"]
["Moneda","EUR"]
[null,""]
["Estructura","Código","Elemento","Descripción","U.M.","Cantidad","Precio","Importe"]
["1","001","Nivel","DEMOLICIONES","",0,0,0]
["1.1","E01DFB011","Tarea","DEMOL.TABIQUERIA INTERIOR","m2",0,10.130000000000001,0]
["1.1.1","O01OA070","Mano de obra","Peón ordinario","h.",0.65,12.51,8.1300000000000008]
["1.1.2","001","Gastos generales","gastos generales","UN",1,2,2]
["1.2","E01DEA020","Tarea","DEMOLIC.ALICATADOS A MANO","m2",0,8.76,0]
["1.2.1","O01OA070","Mano de obra","Peón ordinario","h.",0.7,12.51,8.76]
["1.3","E01DET020","Tarea","DEMOL.F.TECHO CONT.ESCAYOLA","m2",0,5,0]
["1.3.1","O01OA070","Mano de obra","Peón ordinario","h.",0.4,12.51,5]
["1.4","E01DKM010","Tarea","LEVANT.CARP.EN TABIQUES MANO","m2",0,9.2200000000000006,0]
["1.4.1","O01OA050","Mano de obra","Ayudante","h.",0.36,13.11,4.72]
["1.4.2","O01OA070","Mano de obra","Peón ordinario","h.",0.36,12.51,4.5]
["1.5","E01DWW070","Tarea","DESPEJE Y RETIRADA DE MOBILIARIO","ud",0,12.51,0]
["1.5.1","O01OA070","Mano de obra","Peón ordinario","h.",1,12.51,12.51]
["1.6","E01DKW012","Tarea","LEVANTADO TOLDOS EN FACHADA A MANO","m.",0,10.24,0]
["1.6.1","O01OA050","Mano de obra","Ayudante","h.",0.4,13.11,5.24]
["1.6.2","O01OA070","Mano de obra","Peón ordinario","h.",0.4,12.51,5]
["1.7","E01DIF010","Tarea","LEVANT.INST.FONT./DESAG.1 VIV.","ud",0,122.26,0]
["1.7.1","O01OA040","Mano de obra","Oficial segunda","h.",3.8,13.58,51.6]
["1.7.2","O01OA070","Mano de obra","Peón ordinario","h.",3.8,12.51,47.54]
["1.7.3","O01OB180","Mano de obra","Oficial 2ª fontanero calefactor","h.",1.7,13.6,23.12]
["1.8","E01DIC011","Tarea","LEVANTADO INST.CALEFAC.+ A.A. 1 VIV.","ud",0,1648.72,0]
["1.8.1","O01OA040","Mano de obra","Oficial segunda","h.",5.7,13.58,77.41]
["1.8.2","O01OA070","Mano de obra","Peón ordinario","h.",5.7,12.51,71.31]
["1.8.3","003","Subtarea","subtarea 003","M2",5,300,1500]
["1.9","E01DIE010","Tarea","LEVANT.INSTALAC.ELÉCTRICA 1 VIV.","ud",0,122.17,0]
["1.9.1","O01OA040","Mano de obra","Oficial segunda","h.",4.4000000000000004,13.58,59.75]
["1.9.2","O01OA070","Mano de obra","Peón ordinario","h.",4.4000000000000004,12.51,55.04]
["1.9.3","O01OB210","Mano de obra","Oficial 2ª electricista","h.",0.55000000000000004,13.41,7.38]
["1.10","E01DIF020","Tarea","LEVANTADO AP.SANITARIOS","ud",0,15.15,0]
["1.11","E01DIF030","Tarea","LEVANTADO BAÑERA/DUCHA","ud",0,30.03,0]
["1.11.1","O01OA070","Mano de obra","Peón ordinario","h.",1.1499999999999999,12.51,14.39]
["1.11.2","O01OB180","Mano de obra","Oficial 2ª fontanero calefactor","h.",1.1499999999999999,13.6,15.64]
["1.12","E01DTW050","Tarea","ALQ. CONTENEDOR 5 m3","ud",0,43,0]
["1.12.1","M13O010","Maquinaria","Contenedor para escombros 5 m3","h.",9.4499999999999993,4.55,43]
["1.13","E01DIF020","Tarea","LEVANTADO AP.SANITARIOS","ud",0,15.15,0]
["1.14","E01DIF020","Tarea","LEVANTADO AP.SANITARIOS","ud",0,15.15,0]
["1.15","00101","Nivel","SUBNIVEL1","",0,0,0]
["1.15.1","E01DIC011","Tarea","LEVANTADO INST.CALEFAC.+ A.A. 1 VIV.","ud",0,1648.72,0]
["1.15.1.1","O01OA040","Mano de obra","Oficial segunda","h.",5.7,13.58,77.41]
["1.15.1.2","O01OA070","Mano de obra","Peón ordinario","h.",5.7,12.51,71.31]
["1.15.1.3","003","Subtarea","subtarea 003","M2",5,300,1500]
["1.15.2","E01DIE010","Tarea","LEVANT.INSTALAC.ELÉCTRICA 1 VIV.","ud",0,122.17,0]
["1.15.2.1","O01OA040","Mano de obra","Oficial segunda","h.",4.4000000000000004,13.58,59.75]
["1.15.2.2","O01OA070","Mano de obra","Peón ordinario","h.",4.4000000000000004,12.51,55.04]
["1.15.2.3","O01OB210","Mano de obra","Oficial 2ª electricista","h.",0.55000000000000004,13.41,7.38]
["1.15.3","E01DIF020","Tarea","LEVANTADO AP.SANITARIOS","ud",0,15.15,0]
["1.16","00102","Nivel","SUBNIVEL2","",0,0,0]
["1.16.1","E01DEA020","Tarea","DEMOLIC.ALICATADOS A MANO","m2",0,8.76,0]
["1.16.1.1","O01OA070","Mano de obra","Peón ordinario","h.",0.7,12.51,8.76]
["1.16.2","E01DET020","Tarea","DEMOL.F.TECHO CONT.ESCAYOLA","m2",0,5,0]
["1.16.2.1","O01OA070","Mano de obra","Peón ordinario","h.",0.4,12.51,5]
["1.16.3","E01DKM010","Tarea","LEVANT.CARP.EN TABIQUES MANO","m2",0,9.2200000000000006,0]
["1.16.3.1","O01OA050","Mano de obra","Ayudante","h.",0.36,13.11,4.72]
["1.16.3.2","O01OA070","Mano de obra","Peón ordinario","h.",0.36,12.51,4.5]
["2","002","Nivel","TABIQUERIAS, REVESTIMIENTOS Y FALSOS TECHOS","",0,0,0]
["2.1","E07TYB010","Tarea","TRASDOS.SEMIDIRECTO 13mm. 82/400","m2",0,13.27,0]
["2.1.1","O01OA030","Mano de obra","Oficial primera","h.",0.13,14.43,1.88]
["2.1.2","O01OA050","Mano de obra","Ayudante","h.",0.13,13.11,1.7]
["2.1.3","P04PW010","Material","Cinta de juntas yeso","m.",1.3,0.04,0.05]
["2.1.4","P04PW090","Material","Tornillo 3,9 x 25","ud",12,0.01,0.12]
["2.1.5","P04PW290","Material","Maestra de 82 mm.","m.",3.4,1.27,4.32]
["2.1.6","P04PW590","Material","Pasta de juntas Fermacell","kg",0.4,1.29,0.52]
["2.1.7","P04PY032","Material","Placa yeso laminado normal 13x1.200 mm.","m2",1.05,4.46,4.68]
["2.2","E07TYC010","Tarea","TRASDOS.AUTOPORT.E=47mm./400(13+34)","m2",0,15.85,0]
["2.2.1","O01OA030","Mano de obra","Oficial primera","h.",0.14000000000000001,14.43,2.02]
["2.2.2","O01OA050","Mano de obra","Ayudante","h.",0.14000000000000001,13.11,1.84]
["2.2.3","P04PW010","Material","Cinta de juntas yeso","m.",1.3,0.04,0.05]
["2.2.4","P04PW090","Material","Tornillo 3,9 x 25","ud",20,0.01,0.2]
["2.2.5","P04PW480","Material","Canal de 35 mm.","m.",0.95,1.19,1.1299999999999999]
["2.2.6","P04PW550","Material","Junta estanca al agua 46 mm.","m.",0.47,0.4,0.19]
["2.2.7","P04PW570","Material","Montante de 34 mm.","m.",3.5,1.49,5.22]
["2.2.8","P04PW590","Material","Pasta de juntas Fermacell","kg",0.4,1.29,0.52]
["2.2.9","P04PY032","Material","Placa yeso laminado normal 13x1.200 mm.","m2",1.05,4.46,4.68]
["2.3","E07TYC022","Tarea","TRASDOS.AUTOPORT.E=59mm./400(13+46) s/AISLAMIENTO","m2",0,17.149999999999999,0]
["2.3.1","O01OA030","Mano de obra","Oficial primera","h.",0.14000000000000001,14.43,2.02]
["2.3.2","O01OA050","Mano de obra","Ayudante","h.",0.14000000000000001,13.11,1.84]
["2.3.3","P04PW010","Material","Cinta de juntas yeso","m.",1.3,0.04,0.05]
["2.3.4","P04PW090","Material","Tornillo 3,9 x 25","ud",20,0.01,0.2]
["2.3.5","P04PW160","Material","Montante de 46 mm.","m.",3.5,1.63,5.71]
["2.3.6","P04PW240","Material","Canal 48 mm.","m.",0.95,1.32,1.25]
["2.3.7","P04PW550","Material","Junta estanca al agua 46 mm.","m.",0.47,0.4,0.19]
["2.3.8","P04PW590","Material","Pasta de juntas Fermacell","kg",0.4,1.29,0.52]
["2.3.9","P04PY045","Material","Placa yeso laminado normal 15x1.200 mm.","m2",1.05,5.1100000000000003,5.37]
["2.4","E07TYM122","Tarea","TABIQUE SENCILLO (15+46+15) /400 c.AISLAMIENTO","m2",0,34.72,0]
["2.4.1","O01OA030","Mano de obra","Oficial primera","h.",0.25,14.43,3.61]
["2.4.2","O01OA050","Mano de obra","Ayudante","h.",0.25,13.11,3.28]
["2.4.3","P04PW010","Material","Cinta de juntas yeso","m.",3.15,0.04,0.13]
["2.4.4","P04PW090","Material","Tornillo 3,9 x 25","ud",42,0.01,0.42]
["2.4.5","P04PW180","Material","Montante de 90 mm.","m.",3.5,2.92,10.220000000000001]
["2.4.6","P04PW470","Material","Canal de 90 mm.","m.",0.95,2.0499999999999998,1.95]
["2.4.7","P04PW550","Material","Junta estanca al agua 46 mm.","m.",0.95,0.4,0.38]
["2.4.8","P04PW590","Material","Pasta de juntas Fermacell","kg",0.9,1.29,1.1599999999999999]
["2.4.9","P04PY045","Material","Placa yeso laminado normal 15x1.200 mm.","m2",2.1,5.1100000000000003,10.73]
["2.4.10","P07TV230","Material","Panel flexib.lana vidrio PV-Acustiver-50","m2",1.05,2.7,2.84]
["2.5","E07TYM123","Tarea","TABIQUE SENCILLO (13+46+13WR) /400 c.AISLAMIENTO","m2",0,34.72,0]
["2.6","E07TYM124","Tarea","TABIQUE SENCILLO (13WR+46+13WR) /400 c.AISLAMIENTO","m2",0,34.72,0]
["2.6.1","O01OA030","Mano de obra","Oficial primera","h.",0.25,14.43,3.61]
["2.6.2","O01OA050","Mano de obra","Ayudante","h.",0.25,13.11,3.28]
["2.6.3","P04PW010","Material","Cinta de juntas yeso","m.",3.15,0.04,0.13]
["2.6.4","P04PW090","Material","Tornillo 3,9 x 25","ud",42,0.01,0.42]
["2.6.5","P04PW180","Material","Montante de 90 mm.","m.",3.5,2.92,10.220000000000001]
["2.6.6","P04PW470","Material","Canal de 90 mm.","m.",0.95,2.0499999999999998,1.95]
["2.6.7","P04PW550","Material","Junta estanca al agua 46 mm.","m.",0.95,0.4,0.38]
["2.6.8","P04PW590","Material","Pasta de juntas Fermacell","kg",0.9,1.29,1.1599999999999999]
["2.6.9","P04PY045","Material","Placa yeso laminado normal 15x1.200 mm.","m2",2.1,5.1100000000000003,10.73]
["2.6.10","P07TV230","Material","Panel flexib.lana vidrio PV-Acustiver-50","m2",1.05,2.7,2.84]
["2.7","E07TYM126","Tarea","TABIQUE SENCILLO (13WR+46+13/13) /400 c.AISLAMIENTO","m2",0,34.72,0]
["2.7.1","O01OA030","Mano de obra","Oficial primera","h.",0.25,14.43,3.61]
["2.7.2","O01OA050","Mano de obra","Ayudante","h.",0.25,13.11,3.28]
["2.7.3","P04PW010","Material","Cinta de juntas yeso","m.",3.15,0.04,0.13]
["2.7.4","P04PW090","Material","Tornillo 3,9 x 25","ud",42,0.01,0.42]
["2.7.5","P04PW180","Material","Montante de 90 mm.","m.",3.5,2.92,10.220000000000001]
["2.7.6","P04PW470","Material","Canal de 90 mm.","m.",0.95,2.0499999999999998,1.95]
["2.7.7","P04PW550","Material","Junta estanca al agua 46 mm.","m.",0.95,0.4,0.38]
["2.7.8","P04PW590","Material","Pasta de juntas Fermacell","kg",0.9,1.29,1.1599999999999999]
["2.7.9","P04PY045","Material","Placa yeso laminado normal 15x1.200 mm.","m2",2.1,5.1100000000000003,10.73]
["2.7.10","P07TV230","Material","Panel flexib.lana vidrio PV-Acustiver-50","m2",1.05,2.7,2.84]
["2.8","E08TAK010","Tarea","FALSO TECHO YESO LAM. LISO N-13","m2",0,19.739999999999998,0]
["2.8.1","O01OB110","Mano de obra","Oficial yesero o escayolista","h.",0.32,14.12,4.5199999999999996]
["2.8.2","O01OB120","Mano de obra","Ayudante yesero o escayolista","h.",0.32,13.41,4.29]
["2.8.3","P04PW010","Material","Cinta de juntas yeso","m.",1.89,0.04,0.08]
["2.8.4","P04PW030","Material","Material de agarre yeso","kg",0.53,0.5,0.27]
["2.8.5","P04PW040","Material","Pasta para juntas yeso","kg",0.47,1.4,0.66]
["2.8.6","P04PW090","Material","Tornillo 3,9 x 25","ud",10,0.01,0.1]
["2.8.7","P04PW100","Material","Tornillo MM-9,5 mm yeso laminado","ud",5,0.03,0.15]
["2.8.8","P04PW150","Material","Perfil laminado U 34x31x34 mm","m.",0.7,1.54,1.08]
["2.8.9","P04PY030","Material","Placa yeso laminado N-13","m2",1.05,4.46,4.68]
["2.8.10","P04TW070","Material","Perfil techo continuo yeso laminado T/C-47","m.",2.6,1.22,3.17]
["2.8.11","P04TW080","Material","Pieza empalme techo yeso laminado T-47","ud",0.32,0.34,0.11]
["2.8.12","P04TW090","Material","Horquilla techo yeso laminado T-47","ud",1.26,0.5,0.63]
["2.9","E08TAW051","Tarea","CANDILEJA Y ESCOCIA YESO LAM. LISO N-13","m.",0,35.75,0]
["2.9.1","O01OB110","Mano de obra","Oficial yesero o escayolista","h.",1,14.12,14.12]
["2.9.2","O01OB120","Mano de obra","Ayudante yesero o escayolista","h.",1,13.41,13.41]
["2.9.3","P04TS060","Material","Candileja-escocia escayola","m.",1.1000000000000001,7.47,8.2200000000000006]
["2.9.4","A01A020","Subtarea","PASTA DE ESCAYOLA","m3",0,97.27,0]
["2.9.4.1","O01OA070","Mano de obra","Peón ordinario","h.",2.5,12.51,31.28]
["2.9.4.2","P01CY080","Material","Escayola en sacos E-30","t.",0.79,82.97,65.55]
["2.9.4.3","P01DW050","Material","Agua","m3",0.7,0.63,0.44]
["2.10","E07TYM153","Tarea","BALDAS PLADUR TRILLAJE (10+34+10) E=52mm./400","m2",0,24.86,0]
["2.10.1","O01OA030","Mano de obra","Oficial primera","h.",0.14000000000000001,14.43,2.02]
["2.10.2","O01OA050","Mano de obra","Ayudante","h.",0.14000000000000001,13.11,1.84]
["2.10.3","P04PW010","Material","Cinta de juntas yeso","m.",3.15,0.04,0.13]
["2.10.4","P04PW080","Material","Tornillo 3,9 x 35","ud",30,0.01,0.3]
["2.10.5","P04PW480","Material","Canal de 35 mm.","m.",0.95,1.19,1.1299999999999999]
["2.10.6","P04PW550","Material","Junta estanca al agua 46 mm.","m.",0.47,0.4,0.19]
["2.10.7","P04PW570","Material","Montante de 34 mm.","m.",2.33,1.49,3.47]
["2.10.8","P04PW590","Material","Pasta de juntas Fermacell","kg",0.9,1.29,1.1599999999999999]
["2.10.9","P04PY220","Material","Placa yeso laminado normal 19,0x1.200 mm.","m2",2.1,6.96,14.62]
["2.11","E08TAW142","Tarea","TRAMPILLA REGISTRO 50X50 cm. PLADUR","ud",0,139.99,0]
["2.11.1","O01OB110","Mano de obra","Oficial yesero o escayolista","h.",0.7,14.12,9.8800000000000008]
["2.11.2","O01OB120","Mano de obra","Ayudante yesero o escayolista","h.",0.7,13.41,9.39]
["2.11.3","P04PW010","Material","Cinta de juntas yeso","m.",1.26,0.04,0.05]
["2.11.4","P04PW030","Material","Material de agarre yeso","kg",0.35,0.5,0.18]
["2.11.5","P04PW040","Material","Pasta para juntas yeso","kg",0.31,1.4,0.43]
["2.11.6","P04PW090","Material","Tornillo 3,9 x 25","ud",20,0.01,0.2]
["2.11.7","P04PW100","Material","Tornillo MM-9,5 mm yeso laminado","ud",10,0.03,0.3]
["2.11.8","P04TW070","Material","Perfil techo continuo yeso laminado T/C-47","m.",1.26,1.22,1.54]
["2.11.9","P04TW432","Material","Trampilla 500x500x12,5","ud",1,118.02,118.02]
["2.12","E07WA050","Tarea","AYUDAS ALBAÑ. VIVIENDA UNIFAMILIAR","ud",0,917.6,0]
["2.12.1","O01OA030","Mano de obra","Oficial primera","h.",10,14.43,144.30000000000001]
["2.12.2","O01OA040","Mano de obra","Oficial segunda","h.",10,13.58,135.80000000000001]
["2.12.3","O01OA050","Mano de obra","Ayudante","h.",20,13.11,262.2]
["2.12.4","O01OA070","Mano de obra","Peón ordinario","h.",30,12.51,375.3]
["2.13","E07TYM123","Tarea","TABIQUE SENCILLO (13+46+13WR) /400 c.AISLAMIENTO","m2",0,34.72,0]
["2.14","E07TYM126","Tarea","TABIQUE SENCILLO (13WR+46+13/13) /400 c.AISLAMIENTO","m2",0,34.72,0]
["2.14.1","O01OA030","Mano de obra","Oficial primera","h.",0.25,14.43,3.61]
["2.14.2","O01OA050","Mano de obra","Ayudante","h.",0.25,13.11,3.28]
["2.14.3","P04PW010","Material","Cinta de juntas yeso","m.",3.15,0.04,0.13]
["2.14.4","P04PW090","Material","Tornillo 3,9 x 25","ud",42,0.01,0.42]
["2.14.5","P04PW180","Material","Montante de 90 mm.","m.",3.5,2.92,10.220000000000001]
["2.14.6","P04PW470","Material","Canal de 90 mm.","m.",0.95,2.0499999999999998,1.95]
["2.14.7","P04PW550","Material","Junta estanca al agua 46 mm.","m.",0.95,0.4,0.38]
["2.14.8","P04PW590","Material","Pasta de juntas Fermacell","kg",0.9,1.29,1.1599999999999999]
["2.14.9","P04PY045","Material","Placa yeso laminado normal 15x1.200 mm.","m2",2.1,5.1100000000000003,10.73]
["2.14.10","P07TV230","Material","Panel flexib.lana vidrio PV-Acustiver-50","m2",1.05,2.7,2.84]
["2.15","E07TYM126","Tarea","TABIQUE SENCILLO (13WR+46+13/13) /400 c.AISLAMIENTO","m2",0,34.72,0]
["2.15.1","O01OA030","Mano de obra","Oficial primera","h.",0.25,14.43,3.61]
["2.15.2","O01OA050","Mano de obra","Ayudante","h.",0.25,13.11,3.28]
["2.15.3","P04PW010","Material","Cinta de juntas yeso","m.",3.15,0.04,0.13]
["2.15.4","P04PW090","Material","Tornillo 3,9 x 25","ud",42,0.01,0.42]
["2.15.5","P04PW180","Material","Montante de 90 mm.","m.",3.5,2.92,10.220000000000001]
["2.15.6","P04PW470","Material","Canal de 90 mm.","m.",0.95,2.0499999999999998,1.95]
["2.15.7","P04PW550","Material","Junta estanca al agua 46 mm.","m.",0.95,0.4,0.38]
["2.15.8","P04PW590","Material","Pasta de juntas Fermacell","kg",0.9,1.29,1.1599999999999999]
["2.15.9","P04PY045","Material","Placa yeso laminado normal 15x1.200 mm.","m2",2.1,5.1100000000000003,10.73]
["2.15.10","P07TV230","Material","Panel flexib.lana vidrio PV-Acustiver-50","m2",1.05,2.7,2.84]
["3","003","Nivel","PAVIMENTOS, ALICATADOS Y CHAPADOS","",0,0,0]
["3.1","E11EXG062","Tarea","SOLADO GRES 50x15cm. S/ROD. 30 \u0080/m2 p.v.p max.","m2",0,41.56,0]
["3.1.1","O01OA070","Mano de obra","Peón ordinario","h.",0.2,12.51,2.5]
["3.1.2","O01OB090","Mano de obra","Oficial solador, alicatador","h.",0.45,14.12,6.35]
["3.1.3","O01OB100","Mano de obra","Ayudante solador, alicatador","h.",0.45,13.29,5.98]
["3.1.4","P01AA020","Material","Arena de río 0/6 mm.","m3",0.02,14.96,0.3]
["3.1.5","P01FJ060","Material","Mortero tapajuntas CG2 Texjunt color","kg",1.5,0.75,1.1299999999999999]
["3.1.6","P08EXG062","Material","Baldosa gres 50x15 cm. esmaltado","m2",1.05,22.31,23.43]
["3.1.7","A02A080","Subtarea","MORTERO CEMENTO M-5","m3",0.03,62.46,1.87]
["3.1.7.1","M03HH020","Maquinaria","Hormigonera 200 l. gasolina","h.",0.4,2.68,1.07]
["3.1.7.2","O01OA070","Mano de obra","Peón ordinario","h.",1.7,12.51,21.27]
["3.1.7.3","P01AA020","Material","Arena de río 0/6 mm.","m3",1.0900000000000001,14.96,16.309999999999999]
["3.1.7.4","P01CC020","Material","Cemento CEM II/B-P 32,5 N sacos","t.",0.27,87.6,23.65]
["3.1.7.5","P01DW050","Material","Agua","m3",0.26,0.63,0.16]
["3.2","E12AP152","Tarea","ALIC. GRES   50x15cm. c/ ADHESIVO 30 \u0080/m2 p.v.p max.","m2",0,37.880000000000003,0]
["3.2.1","O01OB090","Mano de obra","Oficial solador, alicatador","h.",0.35,14.12,4.9400000000000004]
["3.2.2","O01OB100","Mano de obra","Ayudante solador, alicatador","h.",0.35,13.29,4.6500000000000004]
["3.2.3","P09ABV152","Material","Azulejo  30x30 cm. gris","m2",1.05,25.75,27.04]
["3.2.4","A01L090","Subtarea","LECHADA CEM. BLANCO BL 22,5 X","m3",0,94.31,0]
["3.2.4.1","O01OA070","Mano de obra","Peón ordinario","h.",2,12.51,25.02]
["3.2.4.2","P01CC120","Material","Cemento blanco BL 22,5 X sacos","t.",0.5,137.43,68.72]
["3.2.4.3","P01DW050","Material","Agua","m3",0.9,0.63,0.56999999999999995]
["3.2.5","A02A140","Subtarea","MORTERO CEMENTO M-5 C/A.MIGA","m3",0.02,62.46,1.25]
["3.2.5.1","M03HH020","Maquinaria","Hormigonera 200 l. gasolina","h.",0.4,2.68,1.07]
["3.2.5.2","O01OA070","Mano de obra","Peón ordinario","h.",1.7,12.51,21.27]
["3.2.5.3","P01AA060","Material","Arena de miga cribada","m3",1.0900000000000001,14.96,16.309999999999999]
["3.2.5.4","P01CC020","Material","Cemento CEM II/B-P 32,5 N sacos","t.",0.27,87.6,23.65]
["3.2.5.5","P01DW050","Material","Agua","m3",0.26,0.63,0.16]
["3.3","E11SAM062","Tarea","PAV.TARIMA FLOTANTE WENGUE1200x195x7mm.AC-4. 15 \u0080/m2 p.v.p max.","m2",0,25.59,0]
["3.3.1","O01OA030","Mano de obra","Oficial primera","h.",0.5,14.43,7.22]
["3.3.2","O01OA070","Mano de obra","Peón ordinario","h.",0.5,12.51,6.26]
["3.3.3","P08SM062","Material","Pav. lám. tres lamas clase 23 - 7mm.","m2",1.05,10.67,11.2]
["3.3.4","P08SW060","Material","Lamina de polietileno 2 mm.","m2",1.05,0.87,0.91]
["3.4","E11W022","Tarea","RODAPIE SUELOS PERFIL ALUMINIO L50x50 mm.","m.",0,10.220000000000001,0]
["3.4.1","O01OA030","Mano de obra","Oficial primera","h.",0.1,14.43,1.44]
["3.4.2","O01OA070","Mano de obra","Peón ordinario","h.",0.01,12.51,0.13]
["3.4.3","P08MA020","Material","Adhesivo contacto","kg",0.1,2.99,0.3]
["3.4.4","P08WB020","Material","Perfil alum.ano.natural c/alerón 10x20mm","m.",1.04,8.0299999999999994,8.35]
["3.5","E21MB032","Tarea","ENCIMERA MÁRMOL160x70cm. P/2 SENOS c/LATERAL. 100 \u0080/ml p.v.p max","ud",0,234.88,0]
["3.5.1","O01OA030","Mano de obra","Oficial primera","h.",3,14.43,43.29]
["3.5.2","O01OA050","Mano de obra","Ayudante","h.",1,13.11,13.11]
["3.5.3","P18CM101","Material","Encimera mármol Arabescato 160x70 cm.","ud",1,178.48,178.48]
["4","004","Nivel","CARPINTERIA, CERRAJERIA Y VIDRIERIA","",0,0,0]
["4.1","E13EEB050","Tarea","P.E. BLINDADA LISA ROBLE","ud",0,624.64,0]
["4.1.1","O01OB150","Mano de obra","Oficial 1ª carpintero","h.",2.6,14.84,38.58]
["4.1.2","O01OB160","Mano de obra","Ayudante carpintero","h.",2.6,13.41,34.869999999999997]
["4.1.3","P11EB050","Material","Puerta ent. blind. EBL roble","ud",1,209.72,209.72]
["4.1.4","P11HB030","Material","Bisagra segur.larga c/rodamient.","ud",4,41.62,166.48]
["4.1.5","P11HM020","Material","Mirilla latón super gran angular","ud",1,1.47,1.47]
["4.1.6","P11HS060","Material","C.seguridad tabla dorada 3puntos","ud",1,73.209999999999994,73.209999999999994]
["4.1.7","P11HT020","Material","Tirador p.entrada latón pul.bri.","ud",1,2.9,2.9]
["4.1.8","P11KW060","Material","Rinconera agl.rech.roble 3x3cm","m.",5.5,1.58,8.69]
["4.1.9","P11PM090","Material","Galce roble macizo 110x30 mm.","m.",5.5,6.11,33.61]
["4.1.10","P11TM090","Material","Tapajunt. LM roble 90x21","m.",11,3.65,40.15]
["4.1.11","E13CS030","Subtarea","PRECERCO PINO 110x35 mm.P/1 HOJA","ud",1,14.96,14.96]
["4.1.11.1","O01OB160","Mano de obra","Ayudante carpintero","h.",0.1,13.41,1.34]
["4.1.11.2","P11PP030","Material","Precerco de pino 110x45 mm.","m.",5.3,2.57,13.62]
["4.2","E13EPW012","Tarea","P.PASO P.RECTO DM LACADO BLANCO C/FIJO SUPERIOR","ud",0,167.6,0]
["4.2.1","O01OB150","Mano de obra","Oficial 1ª carpintero","h.",1.3,14.84,19.29]
["4.2.2","O01OB160","Mano de obra","Ayudante carpintero","h.",1.3,13.41,17.43]
["4.2.3","P11CW010","Material","P.paso p/lacar plafón recto","ud",1,73.17,73.17]
["4.2.4","P11PR010","Material","Galce DM R.pino melix 70x30 mm.","m.",5.5,2.2799999999999998,12.54]
["4.2.5","P11RB070","Material","Pernio latón plano 80x52 mm.","ud",3,0.76,2.2799999999999998]
["4.2.6","P11RM010","Material","Juego manivelas de acero inox.","ud",1,16.2,16.2]
["4.2.7","P11RR020","Material","Resbalón canto latonado","ud",1,2.44,2.44]
["4.2.8","P11TR010","Material","Tapajunt. DM MR pino melix 70x10","m.",11,1.19,13.09]
["4.2.9","P11WP080","Material","Tornillo ensamble zinc/pavón","ud",18,0.03,0.54]
["4.2.10","E13CS010","Subtarea","PRECERCO PINO 70x35 mm.P/1 HOJA","ud",1,10.62,10.62]
["4.2.10.1","O01OB160","Mano de obra","Ayudante carpintero","h.",0.1,13.41,1.34]
["4.2.10.2","P11PP010","Material","Precerco de pino 70x35 mm.","m.",5.3,1.75,9.2799999999999994]
["4.3","E13EZL030","Tarea","P.P.CORR. 1H. L.MACIZA DM LACADO BLANCO","ud",0,264.12,0]
["4.3.1","O01OB150","Mano de obra","Oficial 1ª carpintero","h.",2.5,14.84,37.1]
["4.3.2","O01OB160","Mano de obra","Ayudante carpintero","h.",2.5,13.41,33.53]
["4.3.3","P11CA005","Material","P.paso CLM pino melix/mukali","ud",1,84.78,84.78]
["4.3.4","P11PM010","Material","Galce p. melix macizo 70x30 mm.","m.",10,2.74,27.4]
["4.3.5","P11RW040","Material","Juego accesorios puerta corredera","ud",1,35.700000000000003,35.700000000000003]
["4.3.6","P11RW050","Material","Perfil susp. p.corred. galv.","m.",1.7,2,3.4]
["4.3.7","P11TM010","Material","Tapajunt. LM pino melix 70x12","m.",10.199999999999999,1.54,15.71]
["4.3.8","P11WH080","Material","Maneta cierre dorada p.corredera","ud",2,2.57,5.14]
["4.3.9","P11WP080","Material","Tornillo ensamble zinc/pavón","ud",4,0.03,0.12]
["4.3.10","E13CS010","Subtarea","PRECERCO PINO 70x35 mm.P/1 HOJA","ud",2,10.62,21.24]
["4.3.10.1","O01OB160","Mano de obra","Ayudante carpintero","h.",0.1,13.41,1.34]
["4.3.10.2","P11PP010","Material","Precerco de pino 70x35 mm.","m.",5.3,1.75,9.2799999999999994]
["4.4","E14ALV040","Tarea","VENT.AL.LB. PRACTICABLES 1 HOJA","m2",0,204.34,0]
["4.4.1","O01OB130","Mano de obra","Oficial 1ª cerrajero","h.",0.17299999999999999,14.12,2.44]
["4.4.2","O01OB140","Mano de obra","Ayudante cerrajero","h.",0.11,13.29,1.46]
["4.4.3","P12ALV150","Material","Ventanas practicables <1m2","m2",1,186.68,186.68]
["4.4.4","P12PW010","Material","Premarco aluminio","m.",4,3.44,13.76]
["4.5","E14ALP070","Tarea","P.BALCON.AL.LB.PRACTI. 2 HOJAS","m2",0,115.28,0]
["4.5.1","O01OB130","Mano de obra","Oficial 1ª cerrajero","h.",0.26,14.12,3.67]
["4.5.2","O01OB140","Mano de obra","Ayudante cerrajero","h.",0.13,13.29,1.73]
["4.5.3","P12ALP100","Material","P.balconera practic. 2h. >2 m2<4 m2","m2",1,96.12,96.12]
["4.5.4","P12PW010","Material","Premarco aluminio","m.",4,3.44,13.76]
["4.6","E15CVI052","Tarea","FIJO DE ACERO INOXIDABLE COCINA C/PUERTA CORREDERA","m2",0,113.15,0]
["4.6.1","O01OB130","Mano de obra","Oficial 1ª cerrajero","h.",0.2,14.12,2.82]
["4.6.2","O01OB140","Mano de obra","Ayudante cerrajero","h.",0.2,13.29,2.66]
["4.6.3","%MF1000","Material","Maquinaria fabricación","%",5.5E-2,10.5,0.57999999999999996]
["4.6.4","P13IE052","Material","Fijo a.inox.","m2",1,107.09,107.09]
["4.7","E15CVI053","Tarea","FIJO DE ACERO INOXIDABLE C/PUERTA CORREDERA","m2",0,94.8,0]
["4.7.1","O01OB130","Mano de obra","Oficial 1ª cerrajero","h.",0.2,14.12,2.82]
["4.7.2","O01OB140","Mano de obra","Ayudante cerrajero","h.",0.2,13.29,2.66]
["4.7.3","P13IE053","Material","Fijo a.inox.","m2",1,80.31,80.31]
["4.7.4","%MF1000","Material","Maquinaria fabricación","%",0.85799999999999998,10.5,9.01]
["4.8","E16ECA050","Tarea","D. ACRIST. ISOLAR GLAS 4/12/6","m2",0,40.64,0]
["4.8.1","O01OB250","Mano de obra","Oficial 1ª vidriería","h.",0.2,13.61,2.72]
["4.8.2","P01DW090","Material","Pequeño material","ud",1.5,8.93,13.4]
["4.8.3","P14ECA050","Material","D. acrist. Isolar Glas (4/12/6)","m2",1.01,18.73,18.920000000000002]
["4.8.4","P14KW060","Material","Sellado silicona Sikasil WS-605-S/305-N","m.",7,0.8,5.6]
["4.9","E16ELF035","Tarea","V.LAM.SEG. 4+4 BUTIRAL TRANSLÚCIDO","m2",0,56.38,0]
["4.9.1","O01OB250","Mano de obra","Oficial 1ª vidriería","h.",0.75,13.61,10.210000000000001]
["4.9.2","P01DW090","Material","Pequeño material","ud",1,8.93,8.93]
["4.9.3","P14ELF035","Material","Multipact 4+4 butiral translúcido","m2",1.01,34.1,34.44]
["4.9.4","P14KW060","Material","Sellado silicona Sikasil WS-605-S/305-N","m.",3.5,0.8,2.8]
["4.10","E16AZA030","Tarea","ESPEJO MIRALITE EVOLUTION 4mm.","m2",0,29.39,0]
["4.10.1","O01OB250","Mano de obra","Oficial 1ª vidriería","h.",0.85,13.61,11.57]
["4.10.2","P14G003","Material","Miralite Evolution incoloro 4 mm.","m2",1.01,12.22,12.34]
["4.10.3","P14KC010","Material","Canteado espejo","m.",4,0.69,2.76]
["4.10.4","P14KW070","Material","Taladro espejo D<10 mm.","ud",4,0.68,2.72]
["4.11","E13MBA141","Tarea","ARM. MODULAR 1 H.ABAT.50x60x236 PAX/BREVIK DE IKEA","ud",0,137.79,0]
["4.11.1","O01OB150","Mano de obra","Oficial 1ª carpintero","h.",1.1499999999999999,14.84,17.07]
["4.11.2","O01OB160","Mano de obra","Ayudante carpintero","h.",1.1499999999999999,13.41,15.42]
["4.11.3","P11FA161","Material","Arm.mod.abat. 1h. lisa 2200x500 roble","ud",1,105.3,105.3]
["4.12","E13MBA142","Tarea","ARM. MODULAR 2 H.ABAT.100x60x236 PAX/BREVIK DE IKEA","ud",0,176.17,0]
["4.12.1","O01OB150","Mano de obra","Oficial 1ª carpintero","h.",1.1499999999999999,14.84,17.07]
["4.12.2","O01OB160","Mano de obra","Ayudante carpintero","h.",1.1499999999999999,13.41,15.42]
["4.12.3","P11FA162","Material","Arm.mod.abat. 1h. lisa 2200x500 roble","ud",1,143.68,143.68]
["4.13","E13MBA143","Tarea","ARM. MODULAR 1 H.ABAT.50x37x236 PAX/DRAMMEN/BREVIK DE IKEA","ud",0,132.44,0]
["4.13.1","O01OB150","Mano de obra","Oficial 1ª carpintero","h.",1.1499999999999999,14.84,17.07]
["4.13.2","O01OB160","Mano de obra","Ayudante carpintero","h.",1.1499999999999999,13.41,15.42]
["4.13.3","P11FA163","Material","Arm.mod.abat. 1h. lisa 2200x500 roble","ud",1,99.95,99.95]
["4.14","E13MBA144","Tarea","ARM. MODULAR 2 H.ABAT.100x37x236 PAX/DRAMMEN/BREVIK DE IKEA","ud",0,153.86000000000001,0]
["4.14.1","O01OB150","Mano de obra","Oficial 1ª carpintero","h.",1.1499999999999999,14.84,17.07]
["4.14.2","O01OB160","Mano de obra","Ayudante carpintero","h.",1.1499999999999999,13.41,15.42]
["4.14.3","P11FA164","Material","Arm.mod.abat. 1h. lisa 2200x500 roble","ud",1,121.37,121.37]
["5","005","Nivel","INSTALACION DE FONTANERIA Y CALEFACCION","",0,0,0]
["5.1","E20XVC030","Tarea","INST.VIVIENDA C/COCINA+2 BAÑOS","ud",0,738.2,0]
["5.1.1","E20XEC040","Subtarea","INST.AGUA F.C.BAÑO COMPLETO","ud",2,264.75,529.5]
["5.1.1.1","P17SW020","Material","Conexión PVC inodoro D=110mm c/j.labiada","ud",1,3.75,3.75]
["5.1.1.2","E20TC020","Subtarea","TUBERÍA DE COBRE DE 13/15 mm.","m.",12,5.08,60.96]
["5.1.1.2.1","O01OB170","Mano de obra","Oficial 1ª fontanero calefactor","h.",0.18,14.93,2.69]
["5.1.1.2.2","P15GC020","Material","Tubo PVC corrug.forrado M 25/gp7","m.",1,0.22,0.22]
["5.1.1.2.3","P17CH020","Material","Tubo cobre en rollo 13/15 mm.","m.",1.1000000000000001,1.87,2.06]
["5.1.1.2.4","P17CW020","Material","Codo 90º HH cobre 15 mm.","ud",0.5,0.22,0.11]
["5.1.1.3","E20TC030","Subtarea","TUBERÍA DE COBRE DE 16/18 mm.","m.",5,5.75,28.75]
["5.1.1.3.1","O01OB170","Mano de obra","Oficial 1ª fontanero calefactor","h.",0.18,14.93,2.69]
["5.1.1.3.2","P15GC030","Material","Tubo PVC corrug.forrado M 32/gp7","m.",1,0.36,0.36]
["5.1.1.3.3","P17CH030","Material","Tubo cobre en rollo 16/18 mm.","m.",1.1000000000000001,2.2999999999999998,2.5299999999999998]
["5.1.1.3.4","P17CW030","Material","Codo 90º HH cobre 18 mm.","ud",0.5,0.33,0.17]
["5.1.1.4","E20TC040","Subtarea","TUBERÍA DE COBRE DE 20/22 mm.","m.",8,6.22,49.76]
["5.1.1.4.1","O01OB170","Mano de obra","Oficial 1ª fontanero calefactor","h.",0.2,14.93,2.99]
["5.1.1.4.2","P15GC030","Material","Tubo PVC corrug.forrado M 32/gp7","m.",1,0.36,0.36]
["5.1.1.4.3","P17CD050","Material","Tubo cobre rígido 20/22 mm.","m.",1.1000000000000001,2.56,2.82]
["5.1.1.4.4","P17CW040","Material","Codo 90º HH cobre 22 mm.","ud",0.1,0.5,0.05]
["5.1.1.5","E20VE020","Subtarea","LLAVE DE PASO 22mm. 3/4\" P/EMPOTRAR","ud",2,15.32,30.64]
["5.1.1.5.1","O01OB170","Mano de obra","Oficial 1ª fontanero calefactor","h.",0.2,14.93,2.99]
["5.1.1.5.2","P17XP050","Material","Llave paso empot.mand.redon.22mm","ud",1,12.33,12.33]
["5.1.1.6","E20WBV010","Subtarea","TUBERÍA PVC SERIE B 32 mm.","m.",3.4,2.75,9.35]
["5.1.1.6.1","O01OB170","Mano de obra","Oficial 1ª fontanero calefactor","h.",0.1,14.93,1.49]
["5.1.1.6.2","P17VC010","Material","Tubo PVC evac.serie B j.peg.32mm","m.",1.1000000000000001,0.99,1.0900000000000001]
["5.1.1.6.3","P17VP010","Material","Codo M-H PVC evacuación j.peg. 32 mm.","ud",0.3,0.33,0.1]
["5.1.1.6.4","P17VP170","Material","Manguito H-H PVC evac. j.peg. 32 mm.","ud",0.1,0.66,7.0000000000000007E-2]
["5.1.1.7","E20WBV020","Subtarea","TUBERÍA PVC SERIE B 40 mm.","m.",1.7,2.89,4.91]
["5.1.1.7.1","O01OB170","Mano de obra","Oficial 1ª fontanero calefactor","h.",0.1,14.93,1.49]
["5.1.1.7.2","P17VC020","Material","Tubo PVC evac.serie B j.peg.40mm","m.",1,1.27,1.27]
["5.1.1.7.3","P17VP020","Material","Codo M-H PVC evacuación j.peg. 40 mm.","ud",0.3,0.26,0.08]
["5.1.1.7.4","P17VP180","Material","Manguito H-H PVC evac. j.peg. 40 mm.","ud",0.1,0.49,0.05]
["5.1.1.8","E20WBV030","Subtarea","TUBERÍA PVC SERIE B 50 mm.","m.",1,3.61,3.61]
["5.1.1.8.1","O01OB170","Mano de obra","Oficial 1ª fontanero calefactor","h.",0.1,14.93,1.49]
["5.1.1.8.2","P17VC030","Material","Tubo PVC evac.serie B j.peg.50mm","m.",1.1000000000000001,1.62,1.78]
["5.1.1.8.3","P17VP030","Material","Codo M-H PVC evacuación j.peg. 50 mm.","ud",0.3,0.84,0.25]
["5.1.1.8.4","P17VP190","Material","Manguito H-H PVC evac. j.peg. 50 mm.","ud",0.1,0.89,0.09]
["5.1.1.9","E20WBV070","Subtarea","BAJANTE PVC SERIE B J.PEG. 125 mm.","m.",4,12.01,48.04]
["5.1.1.9.1","O01OB170","Mano de obra","Oficial 1ª fontanero calefactor","h.",0.15,14.93,2.2400000000000002]
["5.1.1.9.2","P17JP080","Material","Collarín bajante PVC D=125mm. c/cierre","ud",0.75,1.79,1.34]
["5.1.1.9.3","P17VC070","Material","Tubo PVC evac.serie B j.peg.125mm","m.",1.25,4.5199999999999996,5.65]
["5.1.1.9.4","P17VP070","Material","Codo M-H PVC evacuación j.peg. 125mm.","ud",0.5,2.64,1.32]
["5.1.1.9.5","P17VP150","Material","Injerto M-H 45º PVC evac. j.peg. 125mm.","ud",0.3,4.8499999999999996,1.46]
["5.1.1.10","E20WGB030","Subtarea","BOTE SIFÓNICO PVC D=110 COLG.","ud",1,24.98,24.98]
["5.1.1.10.1","O01OB170","Mano de obra","Oficial 1ª fontanero calefactor","h.",0.5,14.93,7.47]
["5.1.1.10.2","P17SB030","Material","Bote sifóni.aéreo t/inox.5 tomas","ud",1,13.35,13.35]
["5.1.1.10.3","P17VC030","Material","Tubo PVC evac.serie B j.peg.50mm","m.",1.5,1.62,2.4300000000000002]
["5.1.1.10.4","P17VP030","Material","Codo M-H PVC evacuación j.peg. 50 mm.","ud",1,0.84,0.84]
["5.1.1.10.5","P17VP190","Material","Manguito H-H PVC evac. j.peg. 50 mm.","ud",1,0.89,0.89]
["5.1.2","E20XEC050","Subtarea","INST.AGUA F.C.COCINA COMPLETA","ud",1,208.7,208.7]
["5.1.2.1","E20TC020","Subtarea","TUBERÍA DE COBRE DE 13/15 mm.","m.",5,5.08,25.4]
["5.1.2.1.1","O01OB170","Mano de obra","Oficial 1ª fontanero calefactor","h.",0.18,14.93,2.69]
["5.1.2.1.2","P15GC020","Material","Tubo PVC corrug.forrado M 25/gp7","m.",1,0.22,0.22]
["5.1.2.1.3","P17CH020","Material","Tubo cobre en rollo 13/15 mm.","m.",1.1000000000000001,1.87,2.06]
["5.1.2.1.4","P17CW020","Material","Codo 90º HH cobre 15 mm.","ud",0.5,0.22,0.11]
["5.1.2.2","E20TC030","Subtarea","TUBERÍA DE COBRE DE 16/18 mm.","m.",5,5.75,28.75]
["5.1.2.2.1","O01OB170","Mano de obra","Oficial 1ª fontanero calefactor","h.",0.18,14.93,2.69]
["5.1.2.2.2","P15GC030","Material","Tubo PVC corrug.forrado M 32/gp7","m.",1,0.36,0.36]
["5.1.2.2.3","P17CH030","Material","Tubo cobre en rollo 16/18 mm.","m.",1.1000000000000001,2.2999999999999998,2.5299999999999998]
["5.1.2.2.4","P17CW030","Material","Codo 90º HH cobre 18 mm.","ud",0.5,0.33,0.17]
["5.1.2.3","E20TC040","Subtarea","TUBERÍA DE COBRE DE 20/22 mm.","m.",8,6.22,49.76]
["5.1.2.3.1","O01OB170","Mano de obra","Oficial 1ª fontanero calefactor","h.",0.2,14.93,2.99]
["5.1.2.3.2","P15GC030","Material","Tubo PVC corrug.forrado M 32/gp7","m.",1,0.36,0.36]
["5.1.2.3.3","P17CD050","Material","Tubo cobre rígido 20/22 mm.","m.",1.1000000000000001,2.56,2.82]
["5.1.2.3.4","P17CW040","Material","Codo 90º HH cobre 22 mm.","ud",0.1,0.5,0.05]
["5.1.2.4","E20VE020","Subtarea","LLAVE DE PASO 22mm. 3/4\" P/EMPOTRAR","ud",2,15.32,30.64]
["5.1.2.4.1","O01OB170","Mano de obra","Oficial 1ª fontanero calefactor","h.",0.2,14.93,2.99]
["5.1.2.4.2","P17XP050","Material","Llave paso empot.mand.redon.22mm","ud",1,12.33,12.33]
["5.1.2.5","E20WBV020","Subtarea","TUBERÍA PVC SERIE B 40 mm.","m.",1.5,2.89,4.34]
["5.1.2.5.1","O01OB170","Mano de obra","Oficial 1ª fontanero calefactor","h.",0.1,14.93,1.49]
["5.1.2.5.2","P17VC020","Material","Tubo PVC evac.serie B j.peg.40mm","m.",1,1.27,1.27]
["5.1.2.5.3","P17VP020","Material","Codo M-H PVC evacuación j.peg. 40 mm.","ud",0.3,0.26,0.08]
["5.1.2.5.4","P17VP180","Material","Manguito H-H PVC evac. j.peg. 40 mm.","ud",0.1,0.49,0.05]
["5.1.2.6","E20WBV030","Subtarea","TUBERÍA PVC SERIE B 50 mm.","m.",4.5,3.61,16.25]
["5.1.2.6.1","O01OB170","Mano de obra","Oficial 1ª fontanero calefactor","h.",0.1,14.93,1.49]
["5.1.2.6.2","P17VC030","Material","Tubo PVC evac.serie B j.peg.50mm","m.",1.1000000000000001,1.62,1.78]
["5.1.2.6.3","P17VP030","Material","Codo M-H PVC evacuación j.peg. 50 mm.","ud",0.3,0.84,0.25]
["5.1.2.6.4","P17VP190","Material","Manguito H-H PVC evac. j.peg. 50 mm.","ud",0.1,0.89,0.09]
["5.1.2.7","E20WBV060","Subtarea","BAJANTE PVC SERIE B J.PEG. 110 mm.","m.",4,10.07,40.28]
["5.1.2.7.1","O01OB170","Mano de obra","Oficial 1ª fontanero calefactor","h.",0.15,14.93,2.2400000000000002]
["5.1.2.7.2","P17JP070","Material","Collarín bajante PVC D=110mm. c/cierre","ud",0.75,1.49,1.1200000000000001]
["5.1.2.7.3","P17VC060","Material","Tubo PVC evac.serie B j.peg.110mm","m.",1.25,3.96,4.95]
["5.1.2.7.4","P17VP060","Material","Codo M-H PVC evacuación j.peg. 110mm.","ud",0.5,1.47,0.74]
["5.1.2.7.5","P17VP140","Material","Injerto M-H 45º PVC evac. j.peg. 110mm.","ud",0.3,3.41,1.02]
["5.1.2.8","E20WGI060","Subtarea","DESAGÜE DOBLE PVC C/SIF.CURVO","ud",1,13.28,13.28]
["5.1.2.8.1","O01OB170","Mano de obra","Oficial 1ª fontanero calefactor","h.",0.4,14.93,5.97]
["5.1.2.8.2","P17SD020","Material","Desagüe doble c/sifón curvo 40mm","ud",1,5.95,5.95]
["5.1.2.8.3","P17VC020","Material","Tubo PVC evac.serie B j.peg.40mm","m.",0.3,1.27,0.38]
["5.1.2.8.4","P17VP180","Material","Manguito H-H PVC evac. j.peg. 40 mm.","ud",2,0.49,0.98]
["5.2","E21ASM031","Tarea","INOD.T.BAJO COMPL. DAMA SENSO COMPACTO BLA.","ud",0,156.88999999999999,0]
["5.2.1","O01OB170","Mano de obra","Oficial 1ª fontanero calefactor","h.",1.3,14.93,19.41]
["5.2.2","P17XT030","Material","Llave de escuadra de 1/2\" a 1/2\"","ud",1,2.29,2.29]
["5.2.3","P18GW040","Material","Latiguillo flex.20cm.1/2\"a 1/2\"","ud",1,1.33,1.33]
["5.2.4","P18IB041","Material","Inod.t.bajo c/tapa-mec.b.Dama Senso Compacto","ud",1,133.86000000000001,133.86000000000001]
["5.3","E21ASM052","Tarea","BIDÉ S/TAPA DAMA SENSO COMPACTO BLANCO","ud",0,148.36000000000001,0]
["5.3.1","O01OB170","Mano de obra","Oficial 1ª fontanero calefactor","h.",1.2,14.93,17.920000000000002]
["5.3.2","P17SV100","Material","Válvula p/lavabo-bidé de 32 mm. c/cadena","ud",1,2.7,2.7]
["5.3.3","P17XT030","Material","Llave de escuadra de 1/2\" a 1/2\"","ud",2,2.29,4.58]
["5.3.4","P18GT060","Material","Grifo monomando bide cromo s.n.","ud",1,51.77,51.77]
["5.3.5","P18VT022","Material","Bidé c/tapa-fij. bla. Dama Senso Compacto","ud",1,71.39,71.39]
["5.4","E21ALE061","Tarea","LAV.DIVERTA DE ROCA 50x38 BLANCO G.MMDO.","ud",0,218.25,0]
["5.4.1","O01OB170","Mano de obra","Oficial 1ª fontanero calefactor","h.",1.1000000000000001,14.93,16.420000000000002]
["5.4.2","P17SV100","Material","Válvula p/lavabo-bidé de 32 mm. c/cadena","ud",1,2.7,2.7]
["5.4.3","P17XT030","Material","Llave de escuadra de 1/2\" a 1/2\"","ud",2,2.29,4.58]
["5.4.4","P18GL220","Material","G. mmdo.lav.cro.Ergos","ud",2,49.98,99.96]
["5.4.5","P18LE071","Material","Lavabo Diverta 50x38","ud",1,94.59,94.59]
["5.5","E21ALM011","Tarea","LAV.2 SENOS KALAHARY 150x50 SOBREENCIMERA G.MMDO.","ud",0,297.55,0]
["5.5.1","O01OB170","Mano de obra","Oficial 1ª fontanero calefactor","h.",1.5,14.93,22.4]
["5.5.2","P17SV100","Material","Válvula p/lavabo-bidé de 32 mm. c/cadena","ud",2,2.7,5.4]
["5.5.3","P17XT030","Material","Llave de escuadra de 1/2\" a 1/2\"","ud",4,2.29,9.16]
["5.5.4","P18GL080","Material","Grif.monomando lavabo cromo s.m.","ud",2,49.53,99.06]
["5.5.5","P18LM010","Material","Lavabo 2 senos 130x53 cm.col Cosmos","ud",1,161.53,161.53]
["5.6","E21ABC111","Tarea","BAÑ.ACERO 170x70 BLA. CONTESA DE ROCA G.MMDO.","ud",0,146.88999999999999,0]
["5.6.1","O01OB170","Mano de obra","Oficial 1ª fontanero calefactor","h.",1,14.93,14.93]
["5.6.2","P17SC130","Material","Desag.bañera c/rebos.s.hori.40mm","ud",1,5.95,5.95]
["5.6.3","P18BC200","Material","Bañera acero170x70 a.c.bla.América","ud",1,76.92,76.92]
["5.6.4","P18GB070","Material","Monomando ext.baño-ducha telf.cromo s.m.","ud",1,49.09,49.09]
["5.7","E21ADP042","Tarea","P.DUCHA PORC.90x75 BLA.MALTA DE ROCA G.MMDO.","ud",0,175.26,0]
["5.7.1","O01OB170","Mano de obra","Oficial 1ª fontanero calefactor","h.",0.8,14.93,11.94]
["5.7.2","P17SV150","Material","Válvula desagüe ducha D60","ud",1,8.93,8.93]
["5.7.3","P18DP200","Material","P. ducha 90x90 blanco","ud",1,105.3,105.3]
["5.7.4","P18GD050","Material","Monomando ext. ducha telf. cromo s.n.","ud",1,49.09,49.09]
["5.8","E03ES010","Tarea","BOMBA ELEVACION C/TRIT. SANIVITE COCINAS DE SANITRIT","ud",0,422.92,0]
["5.8.1","O01OB170","Mano de obra","Oficial 1ª fontanero calefactor","h.",3,14.93,44.79]
["5.8.2","O01OB180","Mano de obra","Oficial 2ª fontanero calefactor","h.",3,13.6,40.799999999999997]
["5.8.3","P17R011","Material","SANIVITE de SFA SANITRIT","ud",1,337.33,337.33]
["5.9","E03ES040","Tarea","BOMBA ELEVACION C/TRIT. SANIPACK BAÑO LATERAL DE SANITRIT","ud",0,516.63,0]
["5.9.1","O01OB170","Mano de obra","Oficial 1ª fontanero calefactor","h.",3,14.93,44.79]
["5.9.2","O01OB180","Mano de obra","Oficial 2ª fontanero calefactor","h.",3,13.6,40.799999999999997]
["5.9.3","P17R014","Material","SANIPACK de SFA SANITRIT","ud",1,431.04,431.04]
["5.10","E22TCE042","Tarea","TERMO ELECTRICO SAUNIER DUVAL SDC 100-V TRIFASICO","ud",0,203.9,0]
["5.10.1","O01OB170","Mano de obra","Oficial 1ª fontanero calefactor","h.",1.2,14.93,17.920000000000002]
["5.10.2","P20AC042","Material","Termo electrico Saunier Duval SDC-100 V","ud",1,178.48,178.48]
["5.10.3","P20TV020","Material","Válvula de esfera 1/2\"","ud",2,3.75,7.5]
["6","006","Nivel","INSTALACION DE ELECTRICIDAD","",0,0,0]
["6.1","E17BAP010","Tarea","CAJA GENERAL PROTECCIÓN 80A.","ud",0,81,0]
["6.1.1","O01OB200","Mano de obra","Oficial 1ª electricista","h.",0.5,14.34,7.17]
["6.1.2","O01OB220","Mano de obra","Ayudante electricista","h.",0.5,13.41,6.71]
["6.1.3","P01DW090","Material","Pequeño material","ud",1,8.93,8.93]
["6.1.4","P15CA010","Material","Caja protec. 80A(III+N)+fusible","ud",1,58.19,58.19]
["6.2","E17CBL020","Tarea","CUADRO PROTEC.ELECTRIFIC. ELEVADA 9 C.","ud",0,312.97000000000003,0]
["6.2.1","O01OB200","Mano de obra","Oficial 1ª electricista","h.",0.6,14.34,8.6]
["6.2.2","P01DW090","Material","Pequeño material","ud",1,8.93,8.93]
["6.2.3","P15FB200","Material","Armario puerta opaca 26 módulos","ud",1,52.48,52.48]
["6.2.4","P15FD020","Material","Int.aut.di. Legrand 2x40 A 30 mA","ud",2,36.76,73.52]
["6.2.5","P15FE010","Material","PIA Legrand (I+N) 10 A","ud",1,10.96,10.96]
["6.2.6","P15FE020","Material","PIA Legrand (I+N) 16 A","ud",3,11.2,33.6]
["6.2.7","P15FE030","Material","PIA Legrand (I+N) 20 A","ud",1,11.47,11.47]
["6.2.8","P15FE040","Material","PIA Legrand (I+N) 25 A","ud",3,11.73,35.19]
["6.2.9","P15FE100","Material","PIA Legrand 2x40 A","ud",2,39.11,78.22]
["6.3","E17MSA011","Tarea","INTERRUPTOR SEN. SIMON 27","ud",0,12.63,0]
["6.3.1","O01OA030","Mano de obra","Oficial primera","h.",0.15,14.43,2.16]
["6.3.2","O01OA040","Mano de obra","Oficial segunda","h.",0.15,13.58,2.04]
["6.3.3","P01DW090","Material","Pequeño material","ud",0.5,8.93,4.47]
["6.3.4","P15MSA11","Material","Inte. unipolar. Simon serie 27","ud",1,3.96,3.96]
["6.4","E17MSA012","Tarea","P.LUZ SENCILLO SIMÓN 27 s/INTERRUPTOR","ud",0,18.48,0]
["6.4.1","O01OB200","Mano de obra","Oficial 1ª electricista","h.",0.2,14.34,2.87]
["6.4.2","O01OB220","Mano de obra","Ayudante electricista","h.",0.2,13.41,2.68]
["6.4.3","P01DW090","Material","Pequeño material","ud",1,8.93,8.93]
["6.4.4","P15GA010","Material","Cond. rígi. 750 V 1,5 mm2 Cu","m.",16,0.16,2.56]
["6.4.5","P15GB010","Material","Tubo PVC corrugado M 20/gp5","m.",8,0.15,1.2]
["6.4.6","P15GK050","Material","Caja mecan. empotrar enlazable","ud",1,0.24,0.24]
["6.5","E17MSA022","Tarea","P.LUZ CONM. SIMÓN 27 s/INTERRUPTOR","ud",0,31,0]
["6.5.1","O01OB200","Mano de obra","Oficial 1ª electricista","h.",0.5,14.34,7.17]
["6.5.2","O01OB220","Mano de obra","Ayudante electricista","h.",0.5,13.41,6.71]
["6.5.3","P01DW090","Material","Pequeño material","ud",1,8.93,8.93]
["6.5.4","P15GA010","Material","Cond. rígi. 750 V 1,5 mm2 Cu","m.",39,0.16,6.24]
["6.5.5","P15GB010","Material","Tubo PVC corrugado M 20/gp5","m.",13,0.15,1.95]
["6.6","E17MSA023","Tarea","INTERRUPTOR CONMUTADO SIMON 27","ud",0,14.74,0]
["6.6.1","O01OA030","Mano de obra","Oficial primera","h.",0.15,14.43,2.16]
["6.6.2","O01OA040","Mano de obra","Oficial segunda","h.",0.15,13.58,2.04]
["6.6.3","P01DW090","Material","Pequeño material","ud",0.5,8.93,4.47]
["6.6.4","P15MSA21","Material","Inte. unipolar. partido Simon serie 27","ud",1,6.07,6.07]
["6.7","E17MSA032","Tarea","P.LUZ CRUZAM. SIMÓN 27 s/INTERRUPTOR","ud",0,38.42,0]
["6.7.1","O01OB200","Mano de obra","Oficial 1ª electricista","h.",0.55000000000000004,14.34,7.89]
["6.7.2","O01OB220","Mano de obra","Ayudante electricista","h.",0.55000000000000004,13.41,7.38]
["6.7.3","P01DW090","Material","Pequeño material","ud",1,8.93,8.93]
["6.7.4","P15GA010","Material","Cond. rígi. 750 V 1,5 mm2 Cu","m.",72,0.16,11.52]
["6.7.5","P15GB010","Material","Tubo PVC corrugado M 20/gp5","m.",18,0.15,2.7]
["6.8","E17MSA031","Tarea","INTERRUPTOR CRUZAMIENTO SIMON 27","ud",0,14.74,0]
["6.8.1","O01OA030","Mano de obra","Oficial primera","h.",0.15,14.43,2.16]
["6.8.2","O01OA040","Mano de obra","Oficial segunda","h.",0.15,13.58,2.04]
["6.8.3","P01DW090","Material","Pequeño material","ud",0.5,8.93,4.47]
["6.8.4","P15MSA21","Material","Inte. unipolar. partido Simon serie 27","ud",1,6.07,6.07]
["6.9","E17MSA090","Tarea","B.ENCH.SCHUKO SIMÓN 27","ud",0,31.73,0]
["6.9.1","O01OB200","Mano de obra","Oficial 1ª electricista","h.",0.45,14.34,6.45]
["6.9.2","O01OB220","Mano de obra","Ayudante electricista","h.",0.45,13.41,6.03]
["6.9.3","P01DW090","Material","Pequeño material","ud",1,8.93,8.93]
["6.9.4","P15GA020","Material","Cond. rígi. 750 V 2,5 mm2 Cu","m.",18,0.25,4.5]
["6.9.5","P15GB010","Material","Tubo PVC corrugado M 20/gp5","m.",6,0.15,0.9]
["6.9.6","P15GK050","Material","Caja mecan. empotrar enlazable","ud",1,0.24,0.24]
["6.9.7","P15MSA070","Material","Base e. schuko Simón serie 27","ud",1,4.68,4.68]
["6.10","E17MWS030","Tarea","BASE SUP. IP447  16 A. 2P+TT","ud",0,17.940000000000001,0]
["6.10.1","O01OB200","Mano de obra","Oficial 1ª electricista","h.",0.25,14.34,3.59]
["6.10.2","P01DW090","Material","Pequeño material","ud",1,8.93,8.93]
["6.10.3","P15IA030","Material","Base IP44 230 V. 16 A. 2p+t.t.","ud",1,5.42,5.42]
["6.11","E17MSA100","Tarea","TOMA TELÉFONO SIMÓN 27","ud",0,32.06,0]
["6.11.1","O01OB200","Mano de obra","Oficial 1ª electricista","h.",0.45,14.34,6.45]
["6.11.2","O01OB220","Mano de obra","Ayudante electricista","h.",0.45,13.41,6.03]
["6.11.3","P01DW090","Material","Pequeño material","ud",1,8.93,8.93]
["6.11.4","P15GB010","Material","Tubo PVC corrugado M 20/gp5","m.",6,0.15,0.9]
["6.11.5","P15GK050","Material","Caja mecan. empotrar enlazable","ud",1,0.24,0.24]
["6.11.6","P15MSA080","Material","Toma teléfono Simón serie 27","ud",1,9.51,9.51]
["6.12","E17MSA110","Tarea","TOMA TV/SAT SIMÓN 27","ud",0,37.56,0]
["6.12.1","O01OB200","Mano de obra","Oficial 1ª electricista","h.",0.55000000000000004,14.34,7.89]
["6.12.2","O01OB220","Mano de obra","Ayudante electricista","h.",0.55000000000000004,13.41,7.38]
["6.12.3","P01DW090","Material","Pequeño material","ud",1,8.93,8.93]
["6.12.4","P15GB010","Material","Tubo PVC corrugado M 20/gp5","m.",6,0.15,0.9]
["6.12.5","P15GK050","Material","Caja mecan. empotrar enlazable","ud",1,0.24,0.24]
["6.12.6","P15MSA090","Material","Toma TV-FM Simón serie 27","ud",1,12.22,12.22]
["6.13","E17MWE010","Tarea","B.E.SCHUCO PARA COCINA 2P+TT 25A","ud",0,40.340000000000003,0]
["6.13.1","O01OB200","Mano de obra","Oficial 1ª electricista","h.",0.5,14.34,7.17]
["6.13.2","O01OB220","Mano de obra","Ayudante electricista","h.",0.5,13.41,6.71]
["6.13.3","P15GA040","Material","Cond. rígi. 750 V  6 mm2 Cu","m.",18,0.59,10.62]
["6.13.4","P15GC030","Material","Tubo PVC corrug.forrado M 32/gp7","m.",6,0.36,2.16]
["6.13.5","P15MW020","Material","Base enchufe para cocina 2p+t.t.","ud",1,13.68,13.68]
["6.14","E19PC015","Tarea","PORTERO ELEC. VIV. UNIF. NIESSEN","ud",0,234.98,0]
["6.14.1","O01OB200","Mano de obra","Oficial 1ª electricista","h.",2,14.34,28.68]
["6.14.2","O01OB220","Mano de obra","Ayudante electricista","h.",2,13.41,26.82]
["6.14.3","P01DW090","Material","Pequeño material","ud",5,8.93,44.65]
["6.14.4","P22BF010","Material","Manguera 5x0,25 mm2.","m.",10,1.48,14.8]
["6.14.5","P22BF040","Material","Tubo corrugado D=16/gp7","m.",10,0.57999999999999996,5.8]
["6.14.6","P22BK200","Material","Kit portero analógico Niessen 1 V.","ud",1,114.23,114.23]
["6.15","E18IRA030","Tarea","REGLETA DE SUPERFICIE 1x36 W.AF","ud",0,27.09,0]
["6.15.1","O01OB200","Mano de obra","Oficial 1ª electricista","h.",0.3,14.34,4.3]
["6.15.2","O01OB220","Mano de obra","Ayudante electricista","h.",0.3,13.41,4.0199999999999996]
["6.15.3","P01DW090","Material","Pequeño material","ud",1,8.93,8.93]
["6.15.4","P16BA030","Material","Regleta de superficie 1x36 W. AF","ud",1,8.1199999999999992,8.1199999999999992]
["6.15.5","P16CC090","Material","Tubo fluorescente 36 W./830-840-827","ud",1,1.72,1.72]
["6.16","E18IDE010","Tarea","ARO EMPOTR.HALÓGENA DICRO.50W/12V","ud",0,25.95,0]
["6.16.1","O01OB200","Mano de obra","Oficial 1ª electricista","h.",0.3,14.34,4.3]
["6.16.2","P01DW090","Material","Pequeño material","ud",1,8.93,8.93]
["6.16.3","P16BI010","Material","Aro lámp.halóg.dicro.50W./12V.i/transf.","ud",1,9.99,9.99]
["6.16.4","P16CA030","Material","Lámp. halóg.dicroica 12 V. 50 W.","ud",1,2.73,2.73]
["6.17","E18IDE120","Tarea","DOWNLIGHT WWCA218 ORNALUX 2x18 W.TC-D","ud",0,82.83,0]
["6.17.1","O01OB200","Mano de obra","Oficial 1ª electricista","h.",0.3,14.34,4.3]
["6.17.2","P01DW090","Material","Pequeño material","ud",1,8.93,8.93]
["6.17.3","P16BI121","Material","Downlight WWCA218 ORNALUX. 2x18W. AF i/lámp.","ud",1,69.599999999999994,69.599999999999994]
["6.18","E23VD010","Tarea","EXTRACTOR ASEO 95 m3/h.","ud",0,53.81,0]
["6.18.1","O01OB170","Mano de obra","Oficial 1ª fontanero calefactor","h.",1,14.93,14.93]
["6.18.2","P21V450","Material","Extractor aseo 95 m3/h","ud",1,38.880000000000003,38.880000000000003]
["6.19","E23DCH010","Tarea","COND. FLEXIBLE ALUMINIO D=102mm","m.",0,6.89,0]
["6.19.1","O01OB170","Mano de obra","Oficial 1ª fontanero calefactor","h.",0.2,14.93,2.99]
["6.19.2","P21CF050","Material","Cinta de aluminio Climaver","ud",0.1,9,0.9]
["6.19.3","P21CF150","Material","Conducto flexiver D=102","m.",1,1.5,1.5]
["6.19.4","P21CF200","Material","Manguito corona D=102","ud",0.5,3,1.5]
["7","007","Nivel","PINTURAS","",0,0,0]
["7.1","E27EPY011","Tarea","PINTU.PLASTICA INTERIORES S/YESO","m2",0,9.4499999999999993,0]
["7.1.1","O01OB230","Mano de obra","Oficial 1ª pintura","h.",0.2,14.01,2.8]
["7.1.2","O01OB240","Mano de obra","Ayudante pintura","h.",0.2,12.82,2.56]
["7.1.3","P25JA100","Material","E. laca poliuret. satinada color Luxatin","l.",0.25,10.220000000000001,2.56]
["7.1.4","P25OS030","Material","Imprimac. sintética bla.satin.Sellalux","l.",0.13,7.07,0.92]
["7.1.5","P25OZ040","Material","E.fijadora muy penetrante obra/mad e/int","l.",0.09,5.89,0.53]
["7.1.6","P25WW220","Material","Pequeño material","ud",0.1,0.77,0.08]